101 ways to really satisfy your customers / (Record no. 163424)

MARC details
000 -LEADER
fixed length control field 00491nam a22001697a 4500
005 - DATE AND TIME OF LATEST TRANSACTION
control field 20190413153610.0
010 ## - LCCN (DPL NO)
LC control number B-228343
020 ## - INTERNATIONAL STANDARD BOOK NUMBER
International Standard Book Number 8179924319
Terms of availability 175.00
035 ## - SYSTEM CONTROL NUMBER
System control number B-228343
037 ## - SOURCE OF ACQUISITION
Source of stock number/acquisition Jaico Publishing House
082 ## - DEWEY DECIMAL CLASSIFICATION NUMBER
Classification number 658.812
100 ## - MAIN ENTRY--PERSONAL NAME
Personal name Griffiths, Andrew
245 ## - TITLE STATEMENT
Title 101 ways to really satisfy your customers /
Statement of responsibility, etc Andrew Griffiths
260 ## - PUBLICATION, DISTRIBUTION, ETC. (IMPRINT)
Place of publication, distribution, etc Mumbai
Name of publisher, distributor, etc Jaico Publishing House
Date of publication, distribution, etc 2007
300 ## - PHYSICAL DESCRIPTION
Extent 216p.
Dimensions 22cm(pbk)
942 ## - ADDED ENTRY ELEMENTS (KOHA)
Source of classification or shelving scheme Dewey Decimal Classification
Item type English Books
Classification part 658.812
Call number suffix GRI
Holdings
Withdrawn status Lost status Not for loan Collection code Home library Current library Date acquired Full call number Barcode Koha item type
      Non-fiction Sarojini Nagar Sarojini Nagar 13/04/2019 658.812 GRI B-228343 English Books

© Delhi Public Library
Hit Counter
free hit counter